00357 a2200145 4500003000400000005001700004008004100021020001800062040000900080082001700089100002200106245004300128260003000171300001000201OSt20230916152745.0230916b |||||||| |||| 00| 0 eng d a9781845882198 coclc a823.8bTRO/B aTrollope, Anthony aBarchester towers / cAnthony Trollope bNonsuch publishingc2006. a540 p